000 01733nam a2200349 i 4500
001 1370233745
003 OCoLC
005 20230314181211.0
008 230216t20232013mnua c 000 1 eng d
020 _a9781098252403
_qlib. bdg.
020 _a1098252403
_qlib. bdg.
035 _a(OCoLC)1370233745
040 _aICrlF
_beng
_erda
_cPNX
_dPNX
_dSO$
082 0 4 _a[Fic]
_223
092 _ajunior fiction
_bEmerson
100 1 _aEmerson, Marcus,
_eauthor.
245 1 0 _aDiary of a 6th grade ninja /
_cMarcus Emerson ; illustrated by David Lee.
250 _aReinforced library bound edition.
264 1 _aMinneapolis, Minnesota :
_bAbdo Spotlight,
_c2023.
264 4 _c©2013.
300 _a102 pages :
_billustrations ;
_c21 cm.
336 _atext
337 _aunmediated
338 _avolume
490 1 _aDiary of a 6th grade ninja ;
_vbook 1.
520 _a"'My name is Chase Cooper, and I'm a 6th grade ninja. It's my first day at a new school and the only person I know is my cousin, Zoe (but she might be a little too cool for me). I was just another scrawny kid until a group of ninjas recruited me into their clan. It was a world of trouble I wasn't prepared for, which is why I kept this diary (or 'chronicle' as my dad would call it) to warn other kids about the dangers of becoming a ninja. They say history is destined to repeat itself . . .well, not if I can help it'"--OCLC.
650 0 _aNinja
_vJuvenile fiction.
_95678524
650 0 _aMiddle school students
_vJuvenile fiction.
_95678523
700 1 _aLee, David
_c(Illustrator),
_eillustrator.
_96463952
800 1 _aEmerson, Marcus.
_tDiary of a 6th grade ninja (Series) ;
_vv. 1.
_96463953
942 _2ddc
_cBOOK
999 _c382004
_d382004